EU4: All Releasable Nations - Statistics

General Stats
  • This quiz has been taken 18 times
    14 since last reset
  • The average score is 33 of 186
Answer Stats
Hint Answer % Correct
Iberia Galicia
83%
France Gascony
75%
Ruthenia Kiev
67%
France Normandy
67%
Iberia Catalonia
58%
British Isles Cornwall
58%
Italy Corsica
58%
Baltic Estonia
58%
Poland Krakow
58%
Iberia Leon
58%
Low Countries Luxembourg
58%
South China Min
58%
Italy Sicily
58%
British Isles Wales
58%
Carpathia Nitra
50%
France Picardy
50%
Italy Sardinia
50%
Italy Verona
50%
France Alencon
42%
Pontic Steppe Astrakhan
42%
France Bar
42%
Ural Bashkiria
42%
Scandinavia Finland
42%
British Isles Gaeldom
42%
Low Countries Hainaut
42%
Balkans Montenegro
42%
British Isles Northumberland
42%
Russia Polotsk
42%
Scandinavia Sapmi
42%
South Germany Tirol
42%
France Toulouse
42%
Ruthenia Chernigov
33%
Balkans Crete
33%
Baltic Danzig
33%
Ruthenia Galicia-Volhynia
33%
Mashriq Iraq
33%
Baltic Latgalia
33%
Iberia Majorca
33%
Italy Modena
33%
Italy Padua
33%
Italy Parma
33%
Italy Pisa
33%
North China Qi
33%
Ruthenia Smolensk
33%
South Germany Styria
33%
Carpathia Transylvania
33%
Iberia Valencia
33%
South China Wu
33%
France Avignon
25%
Anatolia Aydin
25%
France Berry
25%
Xinan Dali
25%
Pontic Steppe Kalmyk
25%
Russia Karelia
25%
North Germany Lippe
25%
British Isles Mann
25%
Anatolia Mentese
25%
Ural Nizhny Novgorod
25%
North Germany Paderborn
25%
North China Qin
25%
North China Tang
25%
South China Xi
25%
Balkans Achaea
17%
Indochina Annam
17%
Italy Aquileia
17%
Tibet Bhutan
17%
Mongolia Chahar
17%
France Champagne
17%
South China Chu
17%
Balkans Corfu
17%
France Dauphine
17%
Maghreb Fez
17%
South China Huai
17%
Central Asia Kazakh
17%
Mashriq Lebanon
17%
Italy Malta
17%
Balkans Morea
17%
Caribbean New Providence
17%
Russia Qasim
17%
Anatolia Saruhan
17%
West Siberia Sibir
17%
Italy Spoleto
17%
Xinan Yi
17%
South China Yue
17%
Pontic Steppe Zaporozhie
17%
South Africa Zulu
17%
Iberia Asturias
8%
Mashriq Basra
8%
North Germany Calenberg
8%
Coromandel Carnatic
8%
Indochina Champasak
8%
South Germany Coburg
8%
Bengal East India Company
8%
Anatolia Germiyan
8%
Japan Hojo
8%
Persia Isfahan
8%
Horn of Africa Jimma
8%
North China Jin
8%
Malaya Johor
8%
Guinea Kaabu
8%
Maghreb Kabylia
8%
Persia Kerman
8%
North China Liang
8%
East Africa Libertatia
8%
Western India Marwar
8%
British Isles Meath
8%
North Germany Meissen
8%
South China Miao
8%
North Germany Osnabruck
8%
Hindustan Oudh
8%
Malaya Perak
8%
Caribbean Port Royal
8%
North Germany Rugen
8%
North Germany Ruppin
8%
Maghreb Sale
8%
Arabia Sharjah
8%
Horn of Africa Shewa
8%
Xinan Shu
8%
North China Shun
8%
Tibet Sikkim
8%
Persia Tabriz
8%
Indochina Tonkin
8%
Caribbean Tortuga
8%
South China Tungning
8%
Bengal Vereenigde Oostindische Compagnie
8%
North China Yan
8%
Deccan Ahmednagar
0%
Japan Akamatsu
0%
Japan Asakura
0%
Niger Ashanti
0%
Horn of Africa Aussa
0%
Indonesia Banten
0%
Western India Baroda
0%
Deccan Berar
0%
Deccan Bijapur
0%
South China Changsheng
0%
Japan Chosokabe
0%
Indonesia Cirebon
0%
Sahel Darfur
0%
South Germany Donauworth
0%
Mongolia Dzungar
0%
Anatolia Eretna
0%
Italy Etruria
0%
Central Asia Ferghana
0%
Niger Fulo
0%
Horn of Africa Funj
0%
Horn of Africa Geledi
0%
Coromandel Gingee
0%
Deccan Golkonda
0%
Deccan Habsan
0%
Horn of Africa Hobyo
0%
Japan Ikeda
0%
Caucasus Imereti
0%
Deccan Keladi
0%
Indonesia Kemak
0%
Mongolia Khalka
0%
Central Asia Khiva
0%
Tibet Khoshuud
0%
Oceania Kulin
0%
Moluccas Lanao
0%
North Germany Lusatia
0%
Japan Maeda
0%
Horn of Africa Majeerteen
0%
Hindustan Makwanpur
0%
Persia Maragheh
0%
Indonesia Mataram
0%
Japan Mori
0%
Western India Navanagar
0%
South China Ning
0%
Hindustan Patiala
0%
California Pueblo
0%
Western India Rajkot
0%
Hindustan Rohilkhand
0%
Bengal Sambalpur
0%
Niger Segu
0%
Horn of Africa Semien
0%
Persia Soran
0%
Congo Soyo
0%
Hindustan Surguja
0%
Coromandel Tanjore
0%
Niger Tenkodogo
0%
Maghreb Tetouan
0%
Indochina Vientiane
0%
Persia Yazd
0%
Niger Zandoma
0%
Xinan Zhou
0%
No matching quizzes found
Score Distribution
Percent of People with Each Score
Percentile by Number Answered
Your Score History
You have not taken this quiz since the last reset